Psicoterápia y materialismo dialéctico (Record no. 138853)

MARC details
000 -LEADER
fixed length control field 00856nam a22002537a 4500
005 - DATE AND TIME OF LATEST TRANSACTION
control field 20240920092407.0
008 - FIXED-LENGTH DATA ELEMENTS--GENERAL INFORMATION
fixed length control field 240920b ag |||||||| |||| 00| 0 spa d
050 04 - LIBRARY OF CONGRESS CALL NUMBER
Classification number RC480.55
Item number P75 1965
240 10 - UNIFORM TITLE
Uniform title 27 opinions sur la psychotherapie.
Language of a work Español.
245 00 - TITLE STATEMENT
Title Psicoterápia y materialismo dialéctico
Statement of responsibility, etc / P. Bequart...[et al.] ; traducción Lidia Alazraqui.
250 ## - EDITION STATEMENT
Edition statement 1a ed.
260 ## - PUBLICATION, DISTRIBUTION, ETC. (IMPRINT)
Place of publication, distribution, etc Buenos Aires :
Name of publisher, distributor, etc Ediciones Nuestro Tiempo,
Date of publication, distribution, etc 1968.
300 ## - PHYSICAL DESCRIPTION
Extent 369 p. ;
Dimensions 20 cm.
490 0# - SERIES STATEMENT
Series statement Colección Ciencia y conocimiento.
500 ## - GENERAL NOTE
General note Incluye índice.
650 #7 - SUBJECT ADDED ENTRY--TOPICAL TERM
Source of heading or term lemb
Topical term or geographic name as entry element Psicoterapia
650 #7 - SUBJECT ADDED ENTRY--TOPICAL TERM
Source of heading or term lemb
Topical term or geographic name as entry element Materialismo dialéctico
700 1# - ADDED ENTRY--PERSONAL NAME
Personal name Bequart, P.,
Relator term autor
700 1# - ADDED ENTRY--PERSONAL NAME
Personal name Muldworf, B.,
Relator term autor
700 1# - ADDED ENTRY--PERSONAL NAME
Personal name Bonnafé, L.,
Relator term autor
700 1# - ADDED ENTRY--PERSONAL NAME
Personal name Laffité, V.,
Relator term autor
700 1# - ADDED ENTRY--PERSONAL NAME
Personal name Alazraqui, Lidia,
Relator term traductor
942 ## - ADDED ENTRY ELEMENTS (KOHA)
Source of classification or shelving scheme Biblioteca del Cogreso de los Estados Unidos
Koha item type Libro
Holdings
Estado de pérdida Fuente de clasificación Estado del daño No para préstamo Ubicación permanente Ubicación actual Apartado o colección Fecha de adquisición Edición Área del conocimiento Total Checkouts Clasificación Código de Barras Date last seen Número de copia Costo por reposición Tipo de recurso
  Biblioteca del Cogreso de los Estados Unidos     Biblioteca de la Preparatoria Melchor Ocampo Biblioteca de la Preparatoria Melchor Ocampo General 20/09/2024 1a ed. Ciencias de la Salud   RC480.55 P75 1965 PMO000005335 20/09/2024 1 1.00 Libro